[Event "Managua Ramirez de Arellano Memorial"]
[Site "Managua"]
[Date "2017.07.20"]
[Round "4"]
[White "Salinas Barrera, Jovani Enrique"]
[Black "Vallecillo, Saul"]
[Result "0-1"]
[WhiteElo "1501"]
[BlackElo "1828"]
[PlyCount "82"]
[EventDate "2017.07.15"]
[EventType "swiss"]
[EventRounds "9"]
[EventCountry "NCA"]
[SourceTitle "EXT 2018"]
[Source "ChessBase"]
[SourceDate "2017.10.13"]
[SourceVersion "1"]
[SourceVersionDate "2017.10.13"]
[SourceQuality "1"]

1. d4 d5 2. c4 e6 3. Nc3 c6 4. a4 Bb4 5. Bf4 Nf6 6. f3 0-0 7. e3 Nbd7 8. Bd3 dxc4 9. Bxc4 Nd5 10. Bxd5 exd5 11. Nge2 Qe7 12. Qd3 Re8 13. h4 Bd6 14. Kf2 Nf8 15. Bxd6 Qxd6 16. Nf4 Bd7 17. Rhe1 Re7 18. Re2 Rae8 19. Rae1 Qh6 20. g3 Ne6 21. Kg2 g5 22. Nxe6 Qxe6 23. Rh1 Qf5 24. e4 dxe4 25. fxe4 Qg4 26. hxg5 Qxg5 27. Rh4 Re6 28. Qe3 h6 29. Qxg5+ hxg5 30. Rh2 b5 31. Kf3 b4 32. d5 cxd5 33. Nxd5 Bxa4 34. Nc7 Bd1 35. Nxe8 Rxe8 36. Kf2 Bxe2 37. Kxe2 Rxe4+ 38. Kf3 Rc4 39. Ke3 Kg7 40. Kd3 Rg4 41. Rg2 f5 0-1

[Event "Managua Ramirez de Arellano Memorial"]
[Site "Managua"]
[Date "2017.07.15"]
[Round "1"]
[White "Izaba, Rodolfo"]
[Black "Salinas Barrera, Jovani Enrique"]
[Result "1/2-1/2"]
[WhiteElo "2056"]
[BlackElo "1501"]
[PlyCount "68"]
[EventDate "2017.07.15"]
[EventType "swiss"]
[EventRounds "9"]
[EventCountry "NCA"]
[SourceTitle "EXT 2018"]
[Source "ChessBase"]
[SourceDate "2017.10.13"]
[SourceVersion "1"]
[SourceVersionDate "2017.10.13"]
[SourceQuality "1"]

1. e4 e5 2. Nf3 Nc6 3. Bb5 Bc5 4. 0-0 Nge7 5. c3 a6 6. Ba4 Ng6 7. d4 exd4 8. cxd4 Ba7 9. Nc3 0-0 10. Be3 Nce7 11. Bb3 c6 12. h4 d5 13. h5 Nh8 14. exd5 Nxd5 15. Nxd5 cxd5 16. Ne5 f6 17. Nd3 Be6 18. Nf4 Qd7 19. Qf3 Rad8 20. Nxe6 Qxe6 21. Rfe1 Qe7 22. Rac1 Nf7 23. Bc2 Ng5 24. Bxg5 fxg5 25. Qd3 g6 26. hxg6 h6 27. g7 Qxg7 28. Re6 Rf6 29. Rce1 Rdf8 30. Rxf6 Rxf6 31. Re8+ Rf8 32. Re6 Rf6 33. Re8+ Rf8 34. Re6 Rf6 1/2-1/2